000 01265nam a2200349 i 4500
003 EG-GICUC
005 20260420130733.0
008 260420s1987 ua |||fr|||| 00| 0 Ara d
017 _a214/1987
040 _a EG-GICUC
_bara
_c EG-GICUC
_d EG-GICUC
_erda
041 _aAra
082 0 4 _221
_a343.3
_bق ا
092 0 4 _221
099 _aLaw1 10 343.3 ق ا 1987
245 0 0 _aقانون الإجراءات الجنائية.
264 1 _aالقاهرة :
_bدار الطباعة الحديثة،
_c1987.
300 _a192 ؛صفحة
_c24 سم.
_bإيضاحيات، صور، مثيليات ؛
336 _2rda content
_atext
337 _2rda media
_aComputer
338 _2rda carrier
_aOnline Resource
490 _aالمحاماة
504 _a. 240-220 ببليوجرافيا: صفحات.
505 _aملحق التشريعات
505 _aملحق العددان الخامس والسادس ( مايو ويونيه ١٩٨٨)
546 _aالنص باللغة العربية
650 1 _aقانون الإجراءات الجنائية
_2qrmak
650 1 _aالقانون الجنائى
_2qrmak
651 1 _2qrmak
856 4 0 _uhttps://fll.law.cu.edu.eg/fulltext/bks/B10-09877.pdf
905 _a54
942 _2ddc
_cBK
_e21
_n0
999 _c72157
_d72157